Images aléatoires de villes du monde - Statistiques

Statistiques générales
  • Ce quiz a été pris 489 fois
  • Le résultat moyen est 4 sur 16
Statistiques - réponses
Par images Réponse % Correct
Athènes
100%
Dubaï
100%
Los Angeles
100%
Paris
100%
Prague
100%
Rio de Janeiro
100%
Rome
100%
San Francisco
100%
Sydney
100%
Bruxelles
90%
Berlin
88%
La Mecque
88%
Barcelone
86%
Pékin
86%
Amsterdam
83%
Moscou
83%
Jérusalem
80%
Londres
80%
Tokyo
77%
Budapest
75%
Gizeh
75%
Milan
75%
Washington D.C.
75%
Bilbao
67%
Nice
67%
Copenhague
64%
Florence
64%
Cologne
63%
Toronto
63%
Kuala Lumpur
60%
Las Vegas
58%
Hong Kong
57%
Istanbul
57%
Kyoto
57%
New-York
57%
Québec
57%
Santiago
57%
Doha
56%
Alger
50%
Delhi
50%
Dubrovnik
50%
Genève
50%
Grenade
50%
Johannesbourg
50%
La Nouvelle-Orléans
50%
Madrid
50%
Marrakech
50%
Marseille
50%
Médine
50%
Naples
50%
Pyongyang
50%
Shanghai
50%
Miami
43%
Venise
43%
Vilnius
43%
Agra
40%
Boston
40%
Chicago
40%
Kiev
40%
Lyon
40%
Alexandrie
38%
Édimbourg
38%
Hanoï
38%
Rotterdam
38%
Split
38%
Toulouse
36%
Abou Dabi
33%
Atlanta
33%
Hiroshima
33%
Reims
33%
Séoul
33%
Strasbourg
33%
Lille
31%
Hambourg
30%
Vienne
30%
Bordeaux
29%
Monaco
29%
Montevideo
29%
Porto
29%
Stockholm
29%
Taipei
29%
Varsovie
29%
Addis-Abeba
25%
Alep
25%
Belgrade
25%
Bratislava
25%
Lagos
25%
Nairobi
25%
Nantes
25%
Rabat
25%
Riyad
25%
Saint-Louis
25%
Seattle
23%
Bologne
22%
Islamabad
22%
Melbourne
22%
Shenzhen
22%
Amman
20%
Bangkok
20%
Djeddah
20%
Malaga
20%
Tripoli
20%
Tunis
20%
Panama
18%
Bruges
17%
Canton
17%
Dacca
17%
Helsinki
17%
Lima
17%
Vérone
17%
Zagreb
17%
Belfast
14%
Buenos Aires
14%
Casablanca
14%
Dublin
14%
Francfort-sur-le-Main
14%
Kinshasa
14%
Memphis
14%
Montréal
14%
Munich
14%
Oulan-Bator
14%
Saragosse
14%
Stuttgart
14%
Tombouctou
14%
Volgograd
14%
Koweït
13%
Le Cap
13%
Lisbonne
13%
Téhéran
13%
Wellington
13%
Dallas
11%
Malmö
11%
Oslo
11%
Philadelphie
11%
Quito
11%
Rangoun
11%
Samarcande
11%
Vientiane
11%
Bangalore
10%
Bucarest
10%
Damas
10%
Saint-Pétersbourg
10%
Tallinn
10%
Houston
9%
Séville
9%
Busan
8%
Osaka
8%
Dar es Salaam
7%
Abidjan
0%
Almaty
0%
Ankara
0%
Auckland
0%
Bagdad
0%
Bakou
0%
Bâle
0%
Bamako
0%
Berne
0%
Beyrouth
0%
Birmingham
0%
Bogota
0%
Bombay
0%
Brisbane
0%
Calcutta
0%
Caracas
0%
Cardiff
0%
Catane
0%
Chengdu
0%
Chennai
0%
Chongqing
0%
Cracovie
0%
Düsseldorf
0%
Erevan
0%
Gênes
0%
Glasgow
0%
Göteborg
0%
Graz
0%
Guadalajara
0%
Harbin
0%
Hô Chi Minh-Ville
0%
Honolulu
0%
Izmir
0%
Jakarta
0%
Kaboul
0%
Kairouan
0%
Karachi
0%
Khartoum
0%
Kobe
0%
La Havane
0%
La Haye
0%
Lahore
0%
Le Caire
0%
Leeds
0%
Liverpool
0%
Ljubljana
0%
Luanda
0%
Macao
0%
Manama
0%
Manchester
0%
Manille
0%
Maputo
0%
Medellin
0%
Mexico
0%
Nagasaki
0%
Nagoya
0%
Nankin
0%
Nour-Soultan
0%
Oran
0%
Ottawa
0%
Palerme
0%
Phnom Penh
0%
Porto Alegre
0%
Riga
0%
Rijeka
0%
Salzbourg
0%
São Paulo
0%
Sarajevo
0%
Tachkent
0%
Tianjin
0%
Turin
0%
Valence
0%
Vancouver
0%
Wuhan
0%
Yaoundé
0%
Yokohama
0%
Zurich
0%
Aucun quiz correspondant
Distribution des résultats
% des personnes avec chaque résultat
Percentile par nombre de réponses
Votre historique - résultats
Vous n’avez pas pris ce quiz